| 000 | 00482cam a22001457a 4500 | ||
|---|---|---|---|
| 008 | 180718b2014 xxu||||| |||| 00| 0 eng d | ||
| 020 | _a9781783504794 | ||
| 082 | _aI51 Os28/8 | ||
| 245 |
_aAdvances in global leadership, vol. 8 _cedoted by Joyce S. Osland , Ming Li and Ying Wang |
||
| 260 |
_aIndia _bEmerald _c2014 |
||
| 300 | _a412p. | ||
| 650 | _aInternational business enterprises -- Management | ||
| 650 | _aLeadership | ||
| 700 | _aOsland , Joyce S. , Li, Ming and Wang, Ying | ||
| 999 |
_c445532 _d445532 |
||